Renovación de la política económica y cambios sociales : (Registro nro. 8722)

Detalles MARC
000 -LEADER
fixed length control field 03447nam a2200265Ia 4500
003 - CONTROL NUMBER IDENTIFIER
control field OSt
005 - DATE AND TIME OF LATEST TRANSACTION
control field 20211103160609.0
008 - FIXED-LENGTH DATA ELEMENTS--GENERAL INFORMATION
fixed length control field 210310t2015 sp ad fr 000 0 spa d
020 ## - INTERNATIONAL STANDARD BOOK NUMBER
International Standard Book Number 9788490868850
040 ## - CATALOGING SOURCE
Original cataloging agency CO-JMCR
Transcribing agency CO-JMCR
041 0# - LANGUAGE CODE
Language code of text/sound track or separate title spa
082 04 - DEWEY DECIMAL CLASSIFICATION NUMBER
Classification number 338.9 /
Item number B719r
Edition number 23
100 1# - MAIN ENTRY--PERSONAL NAME
Personal name Bono Martínez, Emérit,
9 (RLIN) 18095
Relator term editor
245 10 - TITLE STATEMENT
Title Renovación de la política económica y cambios sociales :
Remainder of title ensayos en honor de Josep María Jordán /
Statement of responsibility, etc. Emérit Bono Martínez, Antonio Sánchez Andrés, Juan A. Tomás Carpi
260 ## - PUBLICATION, DISTRIBUTION, ETC.
Place of publication, distribution, etc. Valencia :
Name of publisher, distributor, etc. Tirant Lo Blanch,
Date of publication, distribution, etc. ©2015
300 ## - PHYSICAL DESCRIPTION
Extent 175 páginas :
Other physical details ilustraciones y gráficas a blanco y negro ;
Dimensions 24 cm.
500 ## - GENERAL NOTE
General note Incluye notas a pie de página.
504 ## - BIBLIOGRAPHY, ETC. NOTE
Bibliography, etc. note Bibliografía al final de cada capítulo.
505 0# - FORMATTED CONTENTS NOTE
Title Joseph M. Jordán, una vida de política económica /
Statement of responsibility Antonio Sánchez Andrés
Title Crisis ecológica, la buena vida y nueva política económica /
Statement of responsibility Emérit Bono Martinez
Title Consideraciones sobre política económica y sostenibilidad /
Statement of responsibility Juan Antonio Tomás Carpi
Title La política industrial del S. XXI: mitos y realidades /
Statement of responsibility Andrés Garcia Reche
Title Creatividad, pluralismo y enseñanza de la política económica /
Statement of responsibility Rail de Arriba Barno Maria Vidaga Murgui
Title Política económica y desigualdad en la unión europea /
Statement of responsibility Carlos Ochando Claramunt
Title Alternativas de política económica: el austericidio de los otros /
Statement of responsibility Isidro Antuñano Maruri
Title Crisis, ajuste y políticas económicas alternativas: la lucha contra la corrupción /
Statement of responsibility José M. March Poquer
Title Europa, 1950-2015 /
Statement of responsibility Víctor Fuentes
Title ¿Qué paso con la deuda de los gobiernos autonómicos durante los años previos al Crash de 2008? /
Statement of responsibility Fernando Toboso
Title ¿Qué paso con la deuda de los gobiernos autonómicos durante los años previos al crash de 2008? /
Statement of responsibility Fernando Toboso
Title Politiques estructurals per al mercat laboral: una altra política és possible /
Statement of responsibility Josep Banvuls Ernest Cano, Amat Sánchez
Title El impacto de la crisis sobre la industria valenciana y las estrategias para su recuperación /
Statement of responsibility Miguel Torrejón Velardiez
Title Politiques locals participatives al país valencia en un context de crisi /
Statement of responsibility Juan R Gallego Bono Josep V Pitxer i Campos
Title Partenariados territoriales: instituciones intencionales y emergentes /
Statement of responsibility Juan R. Gallego Bono, Josep V. Pixer i Campos
520 3# - SUMMARY, ETC.
Summary, etc. En este libro se abordan algunos temas de actualidad de política económica agrupados, por un lado, en disciplina de la Política Económica y, por otro lado, en estudios de política económica sobre áreas concretas (Unión Europea, España y ámbito regio nal). Los trabajos van desde el análisis de la realidad más recientes, como el plan de estabilidad actual del gobierno español o las políticas de austeridad, hasta otros que marcan tendencias de fondo, como se trata de las relaciones entre política económica y sostenibilidad medioambiental, o nuevas perspectivas, como las referidas a las políticas económicas en los ámbitos industrial, laboral o regional o sus relaciones con la corrupción. Esta obra está orientada no sólo a personas especialistas en economía o estudiantes interesados en estos aspectos, sino que también es accesible al público que está preocupado por la situación económica actual.
650 14 - SUBJECT ADDED ENTRY--TOPICAL TERM
Topical term or geographic name entry element Política económica
9 (RLIN) 18097
Geographic subdivision España
700 1# - ADDED ENTRY--PERSONAL NAME
Personal name Sánchez Andrés, Antonio,
Relator term editor
9 (RLIN) 41404
700 1# - ADDED ENTRY--PERSONAL NAME
Personal name Tomás Carpi, Juan A.,
Relator term editor
9 (RLIN) 41405
942 ## - ADDED ENTRY ELEMENTS (KOHA)
Source of classification or shelving scheme Dewey Decimal Classification
Koha item type Books
Existencias
Withdrawn status Lost status Source of classification or shelving scheme Damaged status Not for loan Collection code Home library Current library Date acquired Source of acquisition Full call number Barcode Date last seen Copy number Koha item type
    Dewey Decimal Classification     Non-fiction Biblioteca Pública José María del Castillo y Rada Biblioteca Pública José María del Castillo y Rada 04/15/2018 Donación 338.9 / B719r 430013337 05/16/2024 Ej.1 Books